Catálogo público

Estudio de factibilidad técnico-económico para la creación de una planta agroindustrial de café (Coffea arabica) en Huatusco, Veracruz / (Record no. 209363)

MARC details
000 -CABECERA
campo de control de longitud fija 03976nam a2200433Ia 4500
001 - NÚMERO DE CONTROL
campo de control dia_3643
003 - IDENTIFICADOR DEL NÚMERO DE CONTROL
campo de control CHAP
005 - FECHA Y HORA DE LA ÚLTIMA TRANSACCIÓN
campo de control 20250430115808.0
007 - CAMPO FIJO DE DESCRIPCIÓN FÍSICA--INFORMACIÓN GENERAL
campo de control de longitud fija ta
008 - DATOS DE LONGITUD FIJA--INFORMACIÓN GENERAL
campo de control de longitud fija 220601s2005 mx bd frm 001 0 spa d
040 ## - FUENTE DE LA CATALOGACIÓN
Centro catalogador/agencia de origen mxchpua
Centro/agencia transcriptor CHAP
Normas de descripción rda
041 0# - CÓDIGO DE LENGUA
Código de lengua del texto/banda sonora o título independiente spa
Código de lengua del sumario o resumen eng
090 ## - LOCALMENTE ASIGNADO TIPO-LC NÚMERO DE CLASIFICACIÓN (OCLC); NÚMERO DE CLASIFICACIÓN LOCAL (RLIN)
Número de clasificación (OCLC) (R) ; Numero de clasificación, CALL (RLIN) (NR) Tesis
Número cutter local (OCLC) ; Número de libro/Signatura topográfica íntegra, CALL (RLIN) H47
año 2005
100 1# - ENTRADA PRINCIPAL--NOMBRE DE PERSONA
Nombre de persona Hernández Fernández, Bertha Pamela
240 10 - TÍTULO UNIFORME
Título uniforme Technical economical study of feasibility for the creation of an agroindustrial plant of coffee (Coffea arabica L.) in Huastusco, Veracruz.
Lenguaje de la obra Español
245 10 - MENCIÓN DE TÍTULO
Título Estudio de factibilidad técnico-económico para la creación de una planta agroindustrial de café (Coffea arabica) en Huatusco, Veracruz /
Mención de responsabilidad, etc. Bertha Pamela Hernández Fernández
264 ## - PRODUCCIÓN, PUBLICACIÓN, DISTRIBUCIÓN, FABRICACIÓN Y COPYRIGHT
Producción, publicación, distribución, fabricación y copyright Chapingo, México :
Nombre del de productor, editor, distribuidor, fabricante El autor,
Fecha de producción, publicación, distribución, fabricación o copyright 2005
300 ## - DESCRIPCIÓN FÍSICA
Extensión xii, 106 hojas :
Otras características físicas mapas, gráficas, diagramas, tablas
336 ## - TIPO DE CONTENIDO
Fuente rdacontent
Término de tipo de contenido texto
Código de tipo de contenido txt
337 ## - TIPO DE MEDIO
Fuente rdamedia
Nombre/término del tipo de medio no mediado
Código del tipo de medio n
338 ## - TIPO DE SOPORTE
Fuente rdacarrier
Nombre/término del tipo de soporte volumen
Código del tipo de soporte nc
502 ## - NOTA DE TESIS
Nota de tesis Tesis
Tipo de título (Ingeniero Agroindustrial) --
Nombre de la institución que otorga el título UACh, Departamento de Ingenieria Agroindustrial,
Año de obtención del título 2005
504 ## - NOTA DE BIBLIOGRAFÍA, ETC.
Nota de bibliografía, etc. Bibliografía: hojas 85-86
520 3# - SUMARIO, ETC.
Sumario, etc. El presente trabajo se realizó con el propósito de formular y evaluar un proyecto técnico-económico para la creación de una planta agroindustrial para el procesamiento de café (coffea arabica L.) producido en la Región de Huatusco, desde una perspectiva de conservación de los recursos naturales que hacen posible la cafeticultura, aunado a una mayor equidad social para los productores menos favorecidos del sector, quienes están pasando en estos tres últimos años una catástrofe económica y social. El proyecto impactara de manera importante en la economía de dicha región beneficiando a 509 socios (422 hombres y 87 mujeres), que contribuyen con un total de 1,026 has plantadas con cafetal; además de otros 87 grupos que suman un total de 2,168 productores con aproximadamente 5000 has de cafetal en la región; igualmente generara aproximadamente 130 empleos en la industria. De los resultados obtenidos por los indicadores económicos (VAN= $62,057,779.94, TIR= 65.50% y R B/C= 1.47) se dictamina que el proyecto es técnica y económicamente viable. --
520 3# - SUMARIO, ETC.
Sumario, etc. The present work I am made in order to formulate and to evaluate an technicaleconomic project for the creation of an agro-industrial plant for the processing of coffee (coffea arabica L) produced in the Region of Huatusco, from a perspective of conservation of the natural resources that make the cafeticultura possible, combined to a greater social fairness for the favored producers less of the sector, that are passing in these three last years an economic and social catastrophe. The project was affecting in an important way the economy of the above mentioned region benefiting 509 associates (422 men and 87 women), that add a whole of 1,026 you have planted with coffee field; besides other 87 groups that add a whole of 2,168 producers with approximately 5000 you have of coffee field in the region; equally it was generating approximately 130 employments in the industry. Of the results obtained by the economic indicators (VAN = $62, 057, 779.94, TIR = 65.50% and R BC = 1.47) is considered that the project is technical and economically viable.
650 13 - PUNTO DE ACCESO ADICIONAL DE MATERIA--TÉRMINO DE MATERIA
Término de materia o nombre geográfico como elemento de entrada Café
Subdivisión general Industria
Subdivisión geográfica México
-- Veracruz
Fuente del encabezamiento o término atg
650 13 - PUNTO DE ACCESO ADICIONAL DE MATERIA--TÉRMINO DE MATERIA
Término de materia o nombre geográfico como elemento de entrada Café
Subdivisión general Iniciativa empresarial
Subdivisión geográfica México
-- Veracruz
Fuente del encabezamiento o término atg
650 13 - PUNTO DE ACCESO ADICIONAL DE MATERIA--TÉRMINO DE MATERIA
Término de materia o nombre geográfico como elemento de entrada Coffee (beverage)
Subdivisión general Industry
Subdivisión geográfica Mexico
-- Veracruz
Fuente del encabezamiento o término atg
650 13 - PUNTO DE ACCESO ADICIONAL DE MATERIA--TÉRMINO DE MATERIA
Término de materia o nombre geográfico como elemento de entrada Coffee (beverage)
Subdivisión general Entrepreneurship
Subdivisión geográfica Mexico
-- Veracruz
Fuente del encabezamiento o término atg
700 1# - PUNTO DE ACCESO ADICIONAL--NOMBRE DE PERSONA
Nombre de persona Cruz Garza, Roberto Angel
Término indicativo de función/relación director
700 1# - PUNTO DE ACCESO ADICIONAL--NOMBRE DE PERSONA
Nombre de persona García Chávez, Luis Ramiro
Término indicativo de función/relación asesor
700 1# - PUNTO DE ACCESO ADICIONAL--NOMBRE DE PERSONA
Nombre de persona Suárez Espinosa, Carlos
Término indicativo de función/relación asesor
856 41 - LOCALIZACIÓN Y ACCESO ELECTRÓNICOS
Identificador Uniforme del Recurso <a href="http://10.13.5.2/tesis/103341.pdf">http://10.13.5.2/tesis/103341.pdf</a>
Texto de enlace DESCARGAR PDF
901 ## - ELEMENTOS DE DATOS A LOCAL LDA (RLIN)
a TESIS H47 2005
942 ## - ELEMENTOS DE PUNTO DE ACCESO ADICIONAL (KOHA)
Tipo de ítem Koha TESIS
Fuente del sistema de clasificación o colocación Clasificación Universidad Autónoma Chapingo
902 ## - ELEMENTOS DE DATOS B LOCAL, LDB (RLIN)
a M
905 ## - ELEMENTOS DE DATOS E LOCAL, LDE (RLIN)
a 0000002005 mx 0000000000spa00
Holdings
Estado de retiro Estado de pérdida Fuente del sistema de clasificación o colocación Estado dañado Restricciones de uso No para préstamo Código de colección Localización permanente Ubicación/localización actual Fuente de adquisición Total de préstamos Signatura topográfica completa Código de barras Fecha visto por última vez Número de copia Tipo de ítem Koha Fecha de adquisición Precio válido a partir de Ubicación en estantería
    Clasificación Universidad Autónoma de Chapingo   Préstamo interno   Tesis Ingenieria Agroindustrial Ingenieria Agroindustrial El autor   Tesis H47 2005 1101015361 02/02/2026 Ej. 1 Tesis      
    Clasificación Universidad Autónoma de Chapingo   Préstamo 5 días   Tesis Ingenieria Agroindustrial Ingenieria Agroindustrial El autor   Tesis H47 2005 1101015362 02/02/2026 Ej. 2 Tesis 24/04/2025 24/04/2025  
    Clasificación Universidad Autónoma de Chapingo       Tesis digitales de Licenciatura Ingenieria Agroindustrial Ingenieria Agroindustrial El autor     1201015361 24/04/2025   Tesis digital 24/04/2025 24/04/2025 En línea